[Event "Greifswald Springer op"]
[Site "Greifswald"]
[Date "2022.10.11"]
[Round "7"]
[White "Christensen, Andreas"]
[Black "Wagner, Swenja"]
[Result "1-0"]
[WhiteElo "1835"]
[BlackElo "1693"]
[PlyCount "59"]
[EventDate "2022.10.08"]
[EventType "swiss"]
[EventRounds "7"]
[EventCountry "GER"]
[SourceTitle "CBM 210 Extra"]
[Source "ChessBase"]
[SourceDate "2022.11.30"]
[SourceVersion "1"]
[SourceVersionDate "2022.11.30"]
[SourceQuality "1"]

1. e4 d6 2. d4 Nf6 3. Nc3 g6 4. h3 Bg7 5. Be3 c6 6. a4 Qa5 7. Qd2 Nbd7 8. Nge2 b5 9. b4 Qa6 10. g4 Nb6 11. Ng3 Nc4 12. Bxc4 bxc4 13. b5 cxb5 14. Nxb5 Qc6 15. d5 Qb7 16. Rb1 0-0 17. 0-0 Qd7 18. f3 Ba6 19. c3 Rfb8 20. Nd4 Rxb1 21. Rxb1 Qxa4 22. Nc6 Re8 23. Nxa7 Bb5 24. Nxb5 Rb8 25. Rb4 Qa1+ 26. Qc1 Qa5 27. Qb2 Nxd5 28. exd5 Bxc3 29. Qxc3 Rxb5 30. Rxc4 1-0

[Event "Greifswald Springer op"]
[Site "Greifswald"]
[Date "2022.10.09"]
[Round "4"]
[White "Schenk, Rafael"]
[Black "Wagner, Swenja"]
[Result "1/2-1/2"]
[WhiteElo "1894"]
[BlackElo "1693"]
[PlyCount "113"]
[EventDate "2022.10.08"]
[EventType "swiss"]
[EventRounds "7"]
[EventCountry "GER"]
[SourceTitle "CBM 210 Extra"]
[Source "ChessBase"]
[SourceDate "2022.11.30"]
[SourceVersion "1"]
[SourceVersionDate "2022.11.30"]
[SourceQuality "1"]

1. e4 d6 2. d4 Nf6 3. Nc3 g6 4. Be3 c6 5. Qd2 b5 6. Bd3 Qa5 7. a3 Nbd7 8. Nge2 Bg7 9. f3 Bb7 10. 0-0 a6 11. Bh6 Bxh6 12. Qxh6 c5 13. dxc5 dxc5 14. Nf4 Qb6 15. Kh1 c4 16. e5 Nxe5 17. Be4 0-0-0 18. b3 Qe3 19. Nd1 Qd4 20. c3 Qd2 21. Qg5 Qd6 22. Bxb7+ Kxb7 23. bxc4 h6 24. Qg3 Nxc4 25. a4 g5 26. axb5 gxf4 27. bxa6+ Qxa6 28. Rb1+ Kc8 29. Qxf4 Nd6 30. Ne3 Rd7 31. Ra1 Qc6 32. Rfb1 Rg8 33. Rb4 Rb7 34. Ra8+ Kd7 35. Raa4 Rxb4 36. Qxb4 Ra8 37. Rxa8 Qxa8 38. h3 Nd5 39. Qg4+ e6 40. Nc2 Nxc3 41. Qg7 Ne2 42. Qxh6 Qa7 43. Qe3 Qxe3 44. Nxe3 Ng3+ 45. Kh2 Ndf5 46. Ng4 Ke7 47. Kg1 Kf8 48. Kf2 Kg7 49. Ne5 Kf6 50. Nd7+ Kg5 51. Ne5 f6 52. Nd7 e5 53. Nf8 Kh6 54. Nd7 Kg7 55. Nc5 Kg6 56. Nd7 Kg7 57. Nc5 1/2-1/2

[Event "Greifswald Springer op"]
[Site "Greifswald"]
[Date "2022.10.09"]
[Round "3"]
[White "Stepanjan, Marianne"]
[Black "Wagner, Swenja"]
[Result "0-1"]
[WhiteElo "1525"]
[BlackElo "1693"]
[PlyCount "98"]
[EventDate "2022.10.08"]
[EventType "swiss"]
[EventRounds "7"]
[EventCountry "GER"]
[SourceTitle "CBM 210 Extra"]
[Source "ChessBase"]
[SourceDate "2022.11.30"]
[SourceVersion "1"]
[SourceVersionDate "2022.11.30"]
[SourceQuality "1"]

1. e4 d6 2. d4 Nf6 3. Nc3 g6 4. Nf3 Bg7 5. Bc4 c6 6. Bg5 b5 7. Bd3 0-0 8. 0-0 Bg4 9. h3 Bxf3 10. Qxf3 Nbd7 11. e5 dxe5 12. Qxc6 b4 13. Ne2 exd4 14. Nxd4 e5 15. Nb3 Qb6 16. Qxb6 Nxb6 17. Rfe1 Rfe8 18. Bb5 Rec8 19. c3 bxc3 20. bxc3 Nfd5 21. Na5 Nxc3 22. Bc6 Rab8 23. Be7 Nbd5 24. Bd6 Rb6 25. Bb7 Re8 26. Bxd5 Nxd5 27. Nc4 Rc6 28. Rac1 Nb6 29. Nxb6 Rxd6 30. Nc4 Ra6 31. a3 Rc8 32. Ne3 Rxc1 33. Rxc1 Rxa3 34. Rc8+ Bf8 35. Nc4 Rc3 36. Kf1 Kg7 37. Ke2 Bb4 38. Rc6 e4 39. Ne5 Rxc6 40. Nxc6 a5 41. Ke3 f5 42. Kd4 Be1 43. f3 exf3 44. gxf3 Kf6 45. h4 a4 46. Kd3 Bxh4 47. Kc4 Kg5 48. Kb4 Kf4 49. Nd4 Bf6 0-1

[Event "Greifswald Springer op"]
[Site "Greifswald"]
[Date "2022.10.08"]
[Round "2"]
[White "Wagner, Swenja"]
[Black "Vakeel, Eshwar"]
[Result "1-0"]
[WhiteElo "1693"]
[BlackElo "1157"]
[PlyCount "123"]
[EventDate "2022.10.08"]
[EventType "swiss"]
[EventRounds "7"]
[EventCountry "GER"]
[SourceTitle "CBM 210 Extra"]
[Source "ChessBase"]
[SourceDate "2022.11.30"]
[SourceVersion "1"]
[SourceVersionDate "2022.11.30"]
[SourceQuality "1"]

1. Nf3 Nc6 2. g3 Nf6 3. Bg2 e5 4. d3 d5 5. Bg5 h6 6. Bxf6 Qxf6 7. Nc3 Be6 8. 0-0 0-0-0 9. a3 Bd6 10. e4 d4 11. Ne2 Ne7 12. c3 c5 13. Qa4 Nc6 14. cxd4 cxd4 15. Rfc1 Kb8 16. Nd2 Qe7 17. b4 Qc7 18. Nc4 Bxc4 19. Rxc4 a6 20. b5 axb5 21. Qxb5 Qa5 22. Qb2 Rc8 23. f4 f6 24. Rb1 Nd8 25. Rxc8+ Kxc8 26. Qb3 Qxa3 27. Qd1 Kb8 28. Ra1 Qb4 29. Bh3 Nf7 30. Be6 Rf8 31. Bd5 Nd8 32. Rb1 Qa5 33. Rb3 Re8 34. f5 Re7 35. Rb2 Kc7 36. Qb1 Kb8 37. Ra2 Qc7 38. Qa1 Kc8 39. Qb1 Kd7 40. Qb5+ Nc6 41. Rc2 Re8 42. Bf7 Ra8 43. Qd5 Rf8 44. Nc1 Kd8 45. Be6 Ke7 46. Nb3 Qb6 47. Qc4 Ra8 48. Kg2 Qb4 49. Qd5 Qb6 50. Nc5 Nb4 51. Qb3 Bxc5 52. Rb2 g6 53. Bg8 gxf5 54. Qf7+ Kd6 55. Qxf6+ Kc7 56. Qg7+ Kb8 57. exf5 Qc6+ 58. Kh3 Ra2 59. Bxa2 Nxa2 60. Rxa2 Bb6 61. Qxe5+ Bc7 62. Qh8+ 1-0

[Event "Rostock SSC op 18th"]
[Site "Rostock"]
[Date "2019.08.07"]
[Round "2"]
[White "Wagner, Swenja"]
[Black "Grosse Thie, Paul"]
[Result "1-0"]
[WhiteElo "1746"]
[BlackElo "1157"]
[PlyCount "39"]
[EventDate "2019.08.07"]
[EventType "swiss"]
[EventRounds "7"]
[EventCountry "GER"]
[SourceTitle "EXT 2020"]
[Source "ChessBase"]
[SourceDate "2019.10.17"]
[SourceVersion "1"]
[SourceVersionDate "2019.10.17"]
[SourceQuality "1"]

1. e4 e5 2. Nc3 d6 3. Bc4 Be7 4. d3 Nf6 5. f4 Nbd7 6. Nf3 0-0 7. h3 c6 8. Bb3 b5 9. f5 Bb7 10. g4 b4 11. Ne2 a5 12. a4 Qc7 13. Ng3 Nb6 14. g5 Nfd7 15. f6 gxf6 16. gxf6 Nxf6 17. Bh6 Rfd8 18. Nf5 Bf8 19. Qd2 Nh5 20. Qg5+ 1-0

[Event "GER-ch U25-A"]
[Site "Willingen"]
[Date "2017.06.10"]
[Round "9"]
[White "Wagner, Swenja"]
[Black "Leimbach, Tim Vincent"]
[Result "0-1"]
[WhiteElo "1711"]
[BlackElo "1561"]
[PlyCount "98"]
[EventDate "2017.06.04"]
[EventType "swiss"]
[EventRounds "9"]
[EventCountry "GER"]
[SourceTitle "CBM 178 Extra"]
[Source "ChessBase"]
[SourceDate "2017.06.22"]
[SourceVersion "1"]
[SourceVersionDate "2017.06.22"]
[SourceQuality "1"]

1. e4 c5 2. Nf3 Nc6 3. d4 cxd4 4. Nxd4 g6 5. Nc3 Bg7 6. Be3 Nf6 7. f3 0-0 8. Qd2 d5 9. exd5 Nxd5 10. Bf2 Nxc3 11. bxc3 Qa5 12. Nb3 Qxc3 13. Rd1 Bf5 14. Bd3 Bxd3 15. cxd3 Rfd8 16. 0-0 Qxd2 17. Rxd2 Nd4 18. Nxd4 Bxd4 19. Bxd4 Rxd4 20. Rc1 Rad8 21. Rc7 R8d7 22. Rc3 e6 23. Kf2 Kf8 24. Ke3 Ke7 25. Rdc2 h5 26. Rb2 b6 27. Rbb3 R4d5 28. Kd2 Kd8 29. Ra3 Rb7 30. Rc6 Rdd7 31. Rc4 Rbc7 32. Rf4 Kc8 33. Rfa4 Kb8 34. Rc3 Rxc3 35. Kxc3 Kb7 36. d4 Rd5 37. Rb4 a6 38. Rb2 b5 39. f4 Rd7 40. Kd3 Rc7 41. Ke4 Kb6 42. h3 a5 43. Ke5 b4 44. Ke4 Kb5 45. g4 hxg4 46. hxg4 a4 47. Rh2 b3 48. axb3 axb3 49. Rb2 Kb4 0-1

[Event "GER-ch U25-A"]
[Site "Willingen"]
[Date "2017.06.08"]
[Round "7"]
[White "Wagner, Swenja"]
[Black "Hoppe, Nico"]
[Result "1/2-1/2"]
[WhiteElo "1711"]
[BlackElo "1381"]
[PlyCount "92"]
[EventDate "2017.06.04"]
[EventType "swiss"]
[EventRounds "9"]
[EventCountry "GER"]
[SourceTitle "CBM 178 Extra"]
[Source "ChessBase"]
[SourceDate "2017.06.22"]
[SourceVersion "1"]
[SourceVersionDate "2017.06.22"]
[SourceQuality "1"]

1. Nf3 Nf6 2. g3 g6 3. Bg2 Bg7 4. 0-0 0-0 5. c4 d6 6. Nc3 Na6 7. Rb1 c5 8. a3 Rb8 9. Qc2 b6 10. d3 Bb7 11. b4 Re8 12. Bf4 h6 13. e4 e5 14. Bd2 Nd7 15. Nh4 Nc7 16. Qc1 Kh7 17. f4 exf4 18. Bxf4 Nf6 19. Nf3 Ne6 20. Nb5 Nxf4 21. Qxf4 Re6 22. Bh3 Nh5 23. Qd2 Re7 24. Rf2 a6 25. Nc3 Qh8 26. Ne2 Bc8 27. Bxc8 Rxc8 28. Rbf1 Rcc7 29. g4 Nf6 30. g5 Nh5 31. Nf4 Nxf4 32. Qxf4 Be5 33. Nxe5 Qxe5 34. Qf6 Qxg5+ 35. Qxg5 hxg5 36. Rf6 Rcd7 37. Kg2 Kg7 38. Kg3 Re6 39. Rxe6 fxe6 40. Kg4 Rf7 41. Rxf7+ Kxf7 42. b5 a5 43. Kxg5 Kg7 44. a4 Kf7 45. h4 Kg7 46. Kg4 Kf6 1/2-1/2

[Event "Regionalliga NO 1617 (Women)"]
[Site "Germany"]
[Date "2016.10.23"]
[Round "1.2"]
[White "Glinzner, Alva"]
[Black "Wagner, Swenja"]
[Result "0-1"]
[WhiteElo "1513"]
[BlackElo "1779"]
[PlyCount "106"]
[EventDate "2016.10.23"]
[EventType "team-tourn"]
[EventRounds "5"]
[EventCountry "GER"]
[SourceTitle "EXT 2018"]
[Source "ChessBase"]
[SourceDate "2017.10.13"]
[SourceVersion "1"]
[SourceVersionDate "2017.10.13"]
[SourceQuality "1"]
[WhiteTeam "Luebeck (W)"]
[BlackTeam "Gryps (W)"]
[WhiteTeamCountry "GER"]
[BlackTeamCountry "GER"]

1. e4 e5 2. Nf3 Nc6 3. Bb5 Nf6 4. d3 Ne7 5. Nxe5 c6 6. Bc4 Qa5+ 7. Bd2 Qxe5 8. 0-0 Ng6 9. c3 Be7 10. Re1 Qc7 11. d4 d6 12. Bd3 c5 13. Na3 a6 14. Nc4 d5 15. exd5 Nxd5 16. dxc5 Qxc5 17. Qf3 Nf6 18. Be3 Qc6 19. Qxc6+ bxc6 20. Bxg6 hxg6 21. Nb6 Rb8 22. Bc5 Be6 23. Be3 Ng4 24. Na4 Nxe3 25. Rxe3 Rh4 26. b3 c5 27. c4 Rd4 28. Re2 Rbd8 29. Rae1 Rd1 30. Nc3 Rxe1+ 31. Rxe1 Rd3 32. Ne4 Kd7 33. h3 Bf5 34. Ng3 Rd2 35. Ne2 Rxa2 36. Nf4 Rb2 37. Ra1 Bd6 38. Nd5 Rxb3 39. Ne3 Rb1+ 40. Rxb1 Bxb1 41. Kf1 Bf4 42. Nd5 Bd3+ 43. Ke1 Bg5 44. g3 Kd6 45. f4 Bf6 46. Kd2 Bxc4 47. Nxf6 gxf6 48. Kc3 Bf1 49. h4 Kd5 50. f5 Bh3 51. fxg6 fxg6 52. Kd3 c4+ 53. Kc3 Kc5 0-1

[Event "GER-ch U25-A"]
[Site "Willingen"]
[Date "2016.05.15"]
[Round "2"]
[White "Wagner, Swenja"]
[Black "Brunner, Tobias"]
[Result "1-0"]
[WhiteElo "1673"]
[BlackElo "1762"]
[PlyCount "81"]
[EventDate "2016.05.15"]
[EventType "swiss"]
[EventRounds "9"]
[EventCountry "GER"]
[SourceTitle "CBM 172 Extra"]
[Source "ChessBase"]
[SourceDate "2016.06.21"]
[SourceVersion "1"]
[SourceVersionDate "2016.06.21"]
[SourceQuality "1"]

1. e4 d5 2. exd5 Qxd5 3. Nc3 Qa5 4. d4 c6 5. Bc4 Nf6 6. Bd2 Qc7 7. Nf3 Bf5 8. 0-0 e6 9. Re1 Be7 10. Ne2 Nbd7 11. Bf4 Qb6 12. Bb3 a5 13. c3 0-0 14. Ng3 Bg4 15. h3 Bxf3 16. Qxf3 a4 17. Bc2 Qxb2 18. Qd3 Qb5 19. Qxb5 cxb5 20. Rab1 Rfc8 21. Bd2 b4 22. Be4 Nxe4 23. Nxe4 f5 24. Nc5 Nxc5 25. dxc5 bxc3 26. Bxc3 Bxc5 27. Rxb7 Bf8 28. Bd4 Rc4 29. Be5 Re8 30. Rd1 Re7 31. Rb8 Kf7 32. Rdd8 Rc1+ 33. Kh2 Rc2 34. Rxf8+ Kg6 35. Rb2 Rxb2 36. Bxb2 Rb7 37. Be5 Rb5 38. f4 Rb4 39. Rg8 Re4 40. Rxg7+ Kh6 41. Re7 1-0

[Event "GER-chT U20 Girls"]
[Site "Osnabrueck"]
[Date "2015.12.29"]
[Round "5.1"]
[White "Peters, Theresa"]
[Black "Wagner, Swenja"]
[Result "1-0"]
[WhiteElo "1734"]
[BlackElo "1620"]
[PlyCount "85"]
[EventDate "2015.12.27"]
[EventType "team-swiss"]
[EventRounds "7"]
[EventCountry "GER"]
[SourceTitle "EXT 2017"]
[Source "ChessBase"]
[SourceDate "2016.10.25"]
[SourceVersion "1"]
[SourceVersionDate "2016.10.25"]
[SourceQuality "1"]
[WhiteTeam "Grimma"]
[BlackTeam "Leegebruch"]
[WhiteTeamCountry "GER"]
[BlackTeamCountry "GER"]

1. e4 e5 2. Nf3 Nc6 3. Bb5 Nf6 4. 0-0 Nxe4 5. Re1 Nd6 6. Nxe5 Be7 7. Bf1 Nxe5 8. Rxe5 0-0 9. d4 Bf6 10. Re1 Nf5 11. c3 d5 12. Bd3 Re8 13. Bf4 Bd7 14. Rxe8+ Qxe8 15. Bxc7 Qe7 16. Nd2 Rc8 17. Bf4 b5 18. Qb3 Bg5 19. Bxg5 Qxg5 20. Nf3 Qe7 21. Qxd5 Nd6 22. Qh5 h6 23. Re1 Qf6 24. Ne5 Be6 25. a3 a6 26. Re3 a5 27. Rf3 Qe7 28. Rg3 Qf6 29. Ng4 Bxg4 30. Qxg4 Re8 31. Re3 Rd8 32. Re5 Rb8 33. Qe2 Qf4 34. Qe3 Qxe3 35. Rxe3 Nc4 36. Re2 Nd6 37. g3 b4 38. axb4 axb4 39. c4 Rd8 40. c5 Ne8 41. d5 Nf6 42. d6 Kf8 43. Bb5 1-0

[Event "GER-chT U20 Girls"]
[Site "Osnabrueck"]
[Date "2015.12.28"]
[Round "3.1"]
[White "Leinemann, Vivien Sophie"]
[Black "Wagner, Swenja"]
[Result "0-1"]
[WhiteElo "1468"]
[BlackElo "1620"]
[PlyCount "38"]
[EventDate "2015.12.27"]
[EventType "team-swiss"]
[EventRounds "7"]
[EventCountry "GER"]
[SourceTitle "EXT 2017"]
[Source "ChessBase"]
[SourceDate "2016.10.25"]
[SourceVersion "1"]
[SourceVersionDate "2016.10.25"]
[SourceQuality "1"]
[WhiteTeam "Hamburger SK"]
[BlackTeam "Leegebruch"]
[WhiteTeamCountry "GER"]
[BlackTeamCountry "GER"]

1. e4 e5 2. Nf3 Nf6 3. Bb5 Nc6 4. d3 Ne7 5. Nc3 Ng6 6. h4 c6 7. Bc4 Bd6 8. h5 Ne7 9. Ng5 Rf8 10. h6 g6 11. Qf3 Neg8 12. Be3 Bc7 13. d4 d5 14. dxe5 Bxe5 15. Qe2 dxc4 16. Qxc4 Qc7 17. g3 Bg4 18. f4 Bxc3+ 19. Qxc3 0-0-0 0-1

[Event "GER-chT Federal Cup (Women)"]
[Site "Braunfels"]
[Date "2015.06.07"]
[Round "5.4"]
[White "Weinmann, Helene"]
[Black "Wagner, Swenja"]
[Result "0-1"]
[WhiteElo "1413"]
[BlackElo "1623"]
[PlyCount "64"]
[EventDate "2015.06.04"]
[EventType "team-swiss"]
[EventRounds "5"]
[EventCountry "GER"]
[SourceTitle "CBM 167 Extra"]
[Source "ChessBase"]
[SourceDate "2015.09.14"]
[SourceVersion "1"]
[SourceVersionDate "2015.09.14"]
[SourceQuality "1"]
[WhiteTeam "Saarland (W)"]
[BlackTeam "Mecklenburg Vorpommern (W)"]
[WhiteTeamCountry "GER"]
[BlackTeamCountry "GER"]

1. d4 d5 2. Nf3 Nf6 3. e3 e6 4. Bd3 c5 5. c3 Nc6 6. Nbd2 Bd6 7. 0-0 0-0 8. Bc2 Re8 9. dxc5 Bxc5 10. e4 Qc7 11. Re1 b6 12. exd5 Nxd5 13. Ne4 Be7 14. Qe2 h6 15. Bd2 a5 16. Qd1 Bb7 17. Qc1 Rac8 18. Bxh6 gxh6 19. Qxh6 Bf8 20. Qh3 f5 21. Neg5 Nd8 22. Ne5 Qg7 23. Nef3 Nf4 24. Qg3 Bd6 25. Ne5 Ng6 26. Ngf3 Bxf3 27. gxf3 Nxe5 28. Qxg7+ Kxg7 29. Rxe5 Bxe5 30. Re1 Nf7 31. Bb3 Kf6 32. Rd1 Rcd8 0-1

[Event "GER-ch U18 Girls"]
[Site "Willingen"]
[Date "2015.05.30"]
[Round "9"]
[White "Schirrmeister, Laura"]
[Black "Wagner, Swenja"]
[Result "1/2-1/2"]
[WhiteElo "1166"]
[BlackElo "1626"]
[PlyCount "107"]
[EventDate "2015.05.24"]
[EventType "swiss"]
[EventRounds "9"]
[EventCountry "GER"]
[SourceTitle "CBM 166 Extra"]
[Source "ChessBase"]
[SourceDate "2015.06.18"]
[SourceVersion "1"]
[SourceVersionDate "2015.06.18"]
[SourceQuality "1"]

1. d4 d5 2. e3 Nf6 3. Bd3 e6 4. f4 c5 5. c3 Nc6 6. Nf3 b6 7. 0-0 Bd6 8. Ne5 Qc7 9. Nd2 0-0 10. Rf3 Bb7 11. Rh3 h6 12. g4 Ne4 13. Nxe4 dxe4 14. Bxe4 Nxe5 15. Bxb7 Qxb7 16. fxe5 Be7 17. Qf3 Qxf3 18. Rxf3 Rad8 19. Bd2 f6 20. exf6 Bxf6 21. Raf1 Rfe8 22. Be1 e5 23. dxe5 Rxe5 24. Bg3 Re4 25. R1f2 Rxg4 26. Rf4 Rg6 27. Kg2 Re8 28. Re2 Bg5 29. Rf3 Rge6 30. Bf2 h5 31. Kf1 Bh6 32. Ke1 Re5 33. Kd1 g5 34. Kd2 Rd8+ 35. Kc2 h4 36. e4 Rde8 37. Kd3 Kg7 38. h3 b5 39. c4 bxc4+ 40. Kxc4 Rxe4+ 41. Rxe4 Rxe4+ 42. Kxc5 g4 43. hxg4 Rxg4 44. Bd4+ Kg8 45. Rh3 Bf8+ 46. Kd5 Be7 47. Bxa7 Ra4 48. Bf2 Rxa2 49. Bxh4 Bxh4 50. Rxh4 Rxb2 51. Rf4 Rb5+ 52. Ke4 Rb4+ 53. Ke3 Rxf4 54. Kxf4 1/2-1/2

[Event "GER-ch U18 Girls"]
[Site "Willingen"]
[Date "2015.05.26"]
[Round "5"]
[White "Gressmann, Hanna"]
[Black "Wagner, Swenja"]
[Result "1/2-1/2"]
[WhiteElo "1762"]
[BlackElo "1626"]
[PlyCount "39"]
[EventDate "2015.05.24"]
[EventType "swiss"]
[EventRounds "9"]
[EventCountry "GER"]
[SourceTitle "CBM 166 Extra"]
[Source "ChessBase"]
[SourceDate "2015.06.18"]
[SourceVersion "1"]
[SourceVersionDate "2015.06.18"]
[SourceQuality "1"]

1. e4 e5 2. Nf3 Nc6 3. Bc4 Nf6 4. d3 Bc5 5. c3 d6 6. 0-0 0-0 7. Nbd2 a6 8. Bb3 h6 9. h3 Be6 10. Re1 Re8 11. Nf1 Bb6 12. Ng3 Ne7 13. Nh4 c6 14. Qf3 Ng6 15. Nhf5 d5 16. Nh5 Nxh5 17. Qxh5 Nf4 18. Qf3 Bc7 19. d4 dxe4 20. Qg4 1/2-1/2

[Event "GER-ch U18 Girls"]
[Site "Willingen"]
[Date "2015.05.26"]
[Round "4"]
[White "Wagner, Swenja"]
[Black "Rahimi, Anita"]
[Result "1/2-1/2"]
[WhiteElo "1626"]
[BlackElo "1673"]
[PlyCount "44"]
[EventDate "2015.05.24"]
[EventType "swiss"]
[EventRounds "9"]
[EventCountry "GER"]
[SourceTitle "CBM 166 Extra"]
[Source "ChessBase"]
[SourceDate "2015.06.18"]
[SourceVersion "1"]
[SourceVersionDate "2015.06.18"]
[SourceQuality "1"]

1. e4 d5 2. exd5 Qxd5 3. Nc3 Qa5 4. d4 c6 5. Bc4 Nf6 6. Bd2 Qc7 7. Nf3 Bf5 8. 0-0 e6 9. Re1 Bd6 10. h3 h6 11. d5 cxd5 12. Bxd5 0-0 13. Bb3 a6 14. Nd4 Nc6 15. Nxf5 exf5 16. Nd5 Nxd5 17. Bxd5 Ne7 18. Bb3 Rad8 19. Qc1 f4 20. Re4 Ng6 21. c3 Rde8 22. Qc2 Kh8 1/2-1/2

[Event "GER-ch U18 Girls"]
[Site "Willingen"]
[Date "2015.05.25"]
[Round "3"]
[White "Rosmait, Emily"]
[Black "Wagner, Swenja"]
[Result "1-0"]
[WhiteElo "1867"]
[BlackElo "1626"]
[PlyCount "65"]
[EventDate "2015.05.24"]
[EventType "swiss"]
[EventRounds "9"]
[EventCountry "GER"]
[SourceTitle "CBM 166 Extra"]
[Source "ChessBase"]
[SourceDate "2015.06.18"]
[SourceVersion "1"]
[SourceVersionDate "2015.06.18"]
[SourceQuality "1"]

1. e4 e5 2. Nf3 Nc6 3. Bb5 Nf6 4. 0-0 Nxe4 5. d4 Nd6 6. dxe5 Nxb5 7. a4 d6 8. e6 Bxe6 9. axb5 Ne7 10. Re1 g6 11. Qd4 Rg8 12. Ng5 Bg7 13. Qf4 Be5 14. Qe4 Bd5 15. Qe2 h6 16. Nf3 Bg7 17. Nc3 Be6 18. Ra4 c6 19. Nd4 Bxd4 20. Rxd4 c5 21. Rdd1 Nf5 22. Nd5 g5 23. b3 Nd4 24. Qd3 Kf8 25. Ne3 Qd7 26. Bb2 Qxb5 27. Qh7 Qd7 28. Qxh6+ Ke8 29. Bxd4 cxd4 30. Nd5 Kd8 31. Nf6 Rg6 32. Qf8+ Kc7 33. Nxd7 1-0

[Event "GER-ch U18 Girls"]
[Site "Willingen"]
[Date "2015.05.24"]
[Round "2"]
[White "Wagner, Swenja"]
[Black "Siegl, Melina"]
[Result "0-1"]
[WhiteElo "1626"]
[BlackElo "2014"]
[PlyCount "82"]
[EventDate "2015.05.24"]
[EventType "swiss"]
[EventRounds "9"]
[EventCountry "GER"]
[SourceTitle "CBM 166 Extra"]
[Source "ChessBase"]
[SourceDate "2015.06.18"]
[SourceVersion "1"]
[SourceVersionDate "2015.06.18"]
[SourceQuality "1"]

1. e4 e6 2. d3 d5 3. Nd2 Nf6 4. Ngf3 b6 5. g3 Bb7 6. e5 Nfd7 7. c3 c5 8. d4 Nc6 9. Bg2 Be7 10. 0-0 Qc7 11. Re1 g5 12. h3 0-0-0 13. Nf1 Rdg8 14. N1h2 Kb8 15. Be3 h6 16. Rc1 f5 17. exf6 Nxf6 18. a3 c4 19. Rb1 Ne4 20. Nd2 Nd6 21. Ndf3 Nf5 22. Bd2 Bc8 23. Ng4 Ka8 24. Qe2 Nd6 25. Rbc1 Ne4 26. Be3 Nd6 27. Rb1 Rg7 28. Bd2 Ne4 29. Bc1 h5 30. Nge5 g4 31. Nh2 Nxe5 32. dxe5 Nc5 33. Qxc4 Ba6 34. Qd4 Nd3 35. Rd1 Bc5 36. Qa4 Nxf2 37. b4 Nxd1+ 38. bxc5 Qxc5+ 39. Kh1 Nf2+ 40. Kg1 Nxh3+ 41. Kh1 Qg1# 0-1

[Event "Mecklenburg VP-ch op"]
[Site "Greifswald"]
[Date "2015.05.02"]
[Round "5.6"]
[White "Wagner, Swenja"]
[Black "Lange, Jannis"]
[Result "1/2-1/2"]
[WhiteElo "1587"]
[BlackElo "1660"]
[PlyCount "32"]
[EventDate "2015.04.30"]
[EventType "swiss"]
[EventRounds "7"]
[EventCountry "GER"]
[SourceTitle "EXT 2023"]
[Source "ChessBase"]
[SourceDate "2022.10.05"]
[SourceVersion "1"]
[SourceVersionDate "2022.10.05"]
[SourceQuality "1"]

1. e4 e5 2. Nc3 Bc5 3. Bc4 Nf6 4. d3 h6 5. Nge2 Ng4 6. d4 exd4 7. Nxd4 Nxf2 8. Qf3 Qf6 9. Qxf6 gxf6 10. Kxf2 Bxd4+ 11. Ke2 Bxc3 12. bxc3 d6 13. Rf1 Bg4+ 14. Kd2 Nd7 15. Rb1 Nc5 16. Bd3 Ke7 1/2-1/2

[Event "Mecklenburg VP-ch op"]
[Site "Greifswald"]
[Date "2015.05.01"]
[Round "4.7"]
[White "Kriese, Ralf"]
[Black "Wagner, Swenja"]
[Result "1/2-1/2"]
[WhiteElo "1813"]
[BlackElo "1587"]
[PlyCount "35"]
[EventDate "2015.04.30"]
[EventType "swiss"]
[EventRounds "7"]
[EventCountry "GER"]
[SourceTitle "EXT 2023"]
[Source "ChessBase"]
[SourceDate "2022.10.05"]
[SourceVersion "1"]
[SourceVersionDate "2022.10.05"]
[SourceQuality "1"]

1. e4 e5 2. Nc3 Nf6 3. f4 d5 4. fxe5 Nxe4 5. Nf3 Bg4 6. d3 Nxc3 7. bxc3 Be7 8. Be2 0-0 9. 0-0 c5 10. a4 Nc6 11. Bf4 f6 12. exf6 Bxf6 13. Bd2 Qd7 14. Ng5 Bxe2 15. Qxe2 Rae8 16. Qh5 h6 17. Nf3 b6 18. Rae1 1/2-1/2

[Event "Mecklenburg VP-ch U18"]
[Site "Malchow"]
[Date "2015.02.??"]
[Round "1.6"]
[White "Ladwig, Nick"]
[Black "Wagner, Swenja"]
[Result "0-1"]
[WhiteElo "1118"]
[BlackElo "1588"]
[PlyCount "78"]
[EventDate "2015.02.04"]
[EventType "swiss"]
[EventRounds "7"]
[EventCountry "GER"]
[SourceTitle "EXT 2022"]
[Source "ChessBase"]
[SourceDate "2021.10.06"]
[SourceVersion "1"]
[SourceVersionDate "2021.10.06"]
[SourceQuality "1"]

1. e4 e5 2. Nf3 Nc6 3. Nc3 Nf6 4. Bb5 Bc5 5. Nxe5 Nxe5 6. d4 Bb4 7. dxe5 Nxe4 8. Qd4 Nxc3 9. Qxb4 Nxb5 10. Qxb5 0-0 11. Bf4 b6 12. 0-0-0 a6 13. Qd5 Rb8 14. Rhe1 Qh4 15. Qf3 Bb7 16. Qg3 Qxg3 17. Bxg3 Rbd8 18. f3 c5 19. Rd6 Bc6 20. Bh4 Rde8 21. Re2 Re6 22. f4 Rfe8 23. Rd3 Bb5 24. Red2 Bxd3 25. Rxd3 h6 26. Rxd7 g5 27. Bg3 R8e7 28. Rd3 gxf4 29. Bxf4 Rg6 30. g3 f6 31. Rd6 Kf7 32. Rxb6 fxe5 33. Rxg6 Kxg6 34. Be3 c4 35. Kd2 Rf7 36. Kc3 Rf3 37. Kd2 h5 38. b3 c3+ 39. Kd3 Kf5 0-1